Протоколы, церемониалы и переписка о придворных аудиенциях послу венгеро-богемской королевы графу Розенбергу

Доступно только в Электронных читальных залах Найти на картеНа карте
RUSMARC
00003765nmc2a22002533x 450
001b20b5c5f-6744-43e6-8bf7-b81039161b91
00520250811110111.0
100##$a20250410l17441745k l0rusy0189 ca
1010#$arus
$ager
102##$aRU
105##$ay###
1222#$ad
2001#$aПротоколы, церемониалы и переписка о придворных аудиенциях послу венгеро-богемской королевы графу Розенбергу
$j18 августа 1744 г. - 8 октября 1745 г.
215##$a50 л.
$d36,5х26 см
251##$cДело
300##$aНа обложке указано: "Экспедиция церемониальных дел Министерства иностранных дел"
300##$aНа русском и немецком языках
371##$aДокумент не является опубликованным и широко распространяемым
461#0$10011beca410-31e9-4f28-916a-592ca9443f69
$12001
$aЦеремониальная часть Министерства императорского двора
$1251
$cФонд
$1852
$j473
462#0$1001a54d7da2-27dc-4d4e-832c-8830aaafd738
$12001
$aЦеремониальная часть Министерства императорского двора
$1251
$cОпись
$1852
$j3
801#0$aRU
$bРГИА
$c20250410
$gRCR
801#1$aRU
$bГлавНИВЦ
$c20250410
$2rusmarc
801#2$aRU
$bПБ им. Б.Н. Ельцина
$c20250811
$gRCR
$2rusmarc
850##$aРГИА
852##$aРГИА
$eФедеральное казенное учреждение "Российский государственный исторический архив" (РГИА)
$j11
937##$hРГИА
$d12423246
$aASBIBLIO_SCAN
035##$aRusGRCC00084393
856##$uhttp://readingroom.main.prlib.ru/item.aspx?id_node=n197829383&mode=full
Формат отображения